[Event "RUS-ch Blitz 2021"]
[Site "Sochi"]
[Date "2021.10.11"]
[Round "9.19"]
[White "Triapishko, Alexandr"]
[Black "Klukin, Kirill"]
[Result "1-0"]
[WhiteElo "2506"]
[BlackElo "2346"]
[Annotator "ChessBase"]
[PlyCount "117"]
[EventDate "2021.10.11"]
[EventType "blitz"]
[EventCountry "RUS"]
[SourceTitle "playchess.com"]
[Source "ChessBase"]
[SourceQuality "1"]
[TimeControl "180+2"]

1. Nf3 {[%emt 0:00:00]} c5 {[%emt 0:00:09]} 2. g3 {[%emt 0:00:01]} Nc6 {
[%emt 0:00:01]} 3. Bg2 {[%emt 0:00:17]} g6 {[%emt 0:00:00]} 4. c3 {[%emt 0:00:
12]} Bg7 {[%emt 0:00:04]} 5. d4 {[%emt 0:00:00]} cxd4 {[%emt 0:00:29]} 6. cxd4
{[%emt 0:00:00]} Nf6 {[%emt 0:00:04]} 7. O-O {[%emt 0:00:03]} O-O {[%emt 0:00:
00]} 8. d5 {[%emt 0:00:20]} Nb8 {[%emt 0:00:03]} 9. d6 {[%emt 0:00:00]} exd6 {
[%emt 0:00:24]} 10. Nc3 {[%emt 0:00:08]} Qe7 {[%emt 0:00:21]} 11. Bg5 {[%emt 0:
00:08]} h6 {[%emt 0:00:22]} 12. Nd5 {[%emt 0:00:03]} Qd8 {[%emt 0:00:00]} 13.
Nxf6+ {[%emt 0:00:09]} Bxf6 {[%emt 0:00:01]} 14. Bxh6 {[%emt 0:00:03]} Re8 {
[%emt 0:00:02]} 15. Qd2 {[%emt 0:00:10]} Nc6 {[%emt 0:00:07]} 16. Rad1 {
[%emt 0:00:07]} d5 {[%emt 0:00:00]} 17. b3 {[%emt 0:00:20]} d4 {[%emt 0:00:10]}
18. Bg5 {[%emt 0:00:02]} d6 {[%emt 0:00:12]} 19. Qf4 {[%emt 0:00:10]} Bf5 {
[%emt 0:00:25]} 20. Bxf6 {[%emt 0:00:29]} Qxf6 {[%emt 0:00:04]} 21. Nxd4 {
[%emt 0:00:12]} Nxd4 {[%emt 0:00:08]} 22. Rxd4 {[%emt 0:00:06]} Rxe2 {[%emt 0:
00:22]} 23. g4 {[%emt 0:00:37]} g5 {[%emt 0:00:00]} 24. Rxd6 {[%emt 0:00:00]}
gxf4 {[%emt 0:00:00]} 25. Rxf6 {[%emt 0:00:00]} Bxg4 {[%emt 0:00:04]} 26. Rxf4
{[%emt 0:00:00]} Be6 {[%emt 0:00:00]} 27. Ra4 {[%emt 0:00:08]} Rc8 {[%emt 0:00:
19]} 28. Bf3 {[%emt 0:00:07]} Rd2 {[%emt 0:00:00]} 29. Bxb7 {[%emt 0:00:03]}
Rcc2 {[%emt 0:00:02]} 30. Rxa7 {[%emt 0:00:04]} Rxa2 {[%emt 0:00:05]} 31. Rxa2
{[%emt 0:00:00]} Rxa2 {[%emt 0:00:03]} 32. Rb1 {[%emt 0:00:00]} Bf5 {[%emt 0:
00:00]} 33. Rd1 {[%emt 0:00:07]} Be6 {[%emt 0:00:00]} 34. Bd5 {[%emt 0:00:00]}
Bg4 {[%emt 0:00:02]} 35. Rc1 {[%emt 0:00:04]} Rb2 {[%emt 0:00:00]} 36. h4 {
[%emt 0:00:00]} Kg7 {[%emt 0:00:00]} 37. Kh2 {[%emt 0:00:03]} Rxf2+ {[%emt 0:
00:04]} 38. Kg3 {[%emt 0:00:00]} Rd2 {[%emt 0:00:00]} 39. Kxg4 {[%emt 0:00:04]}
Rd4+ {[%emt 0:00:00]} 40. Kf3 {[%emt 0:00:01]} Rxd5 {[%emt 0:00:05]} 41. Rb1 {
[%emt 0:00:00]} Kf6 {[%emt 0:00:09]} 42. b4 {[%emt 0:00:00]} Rb5 {[%emt 0:00:
00]} 43. Ke4 {[%emt 0:00:00]} Ke6 {[%emt 0:00:05]} 44. Kd4 {[%emt 0:00:02]} Kd6
{[%emt 0:00:01]} 45. Kc4 {[%emt 0:00:03]} Rh5 {[%emt 0:00:00]} 46. Rd1+ {
[%emt 0:00:03]} Kc6 {[%emt 0:00:00]} 47. Rd4 {[%emt 0:00:00]} Rh6 {[%emt 0:00:
02]} 48. Rf4 {[%emt 0:00:05]} Kb6 {[%emt 0:00:02]} 49. Re4 {[%emt 0:00:04]} Kc6
{[%emt 0:00:03]} 50. Rg4 {[%emt 0:00:03]} Kb6 {[%emt 0:00:02]} 51. Kd5 {
[%emt 0:00:00]} Re6 {[%emt 0:00:03]} 52. h5 {[%emt 0:00:02]} Rh6 {[%emt 0:00:
03]} 53. Rh4 {[%emt 0:00:02]} Kb5 {[%emt 0:00:03]} 54. Ke5 {[%emt 0:00:00]} Kb6
{[%emt 0:00:03]} 55. Kf5 {[%emt 0:00:00]} f6 {[%emt 0:00:01]} 56. Ke6 {[%emt 0:
00:02]} Kb5 {[%emt 0:00:02]} 57. Kf7 {[%emt 0:00:00]} f5 {[%emt 0:00:00]} 58.
Kg7 {[%emt 0:00:02]} Rc6 {[%emt 0:00:05]} 59. h6 {[%emt 0:00:00]} 1-0

[Event "RUS-ch Blitz 2021"]
[Site "Sochi"]
[Date "2021.10.11"]
[Round "9.20"]
[White "Moiseenko, Vadim"]
[Black "Smagin, Sergey"]
[Result "0-1"]
[WhiteElo "2542"]
[BlackElo "2551"]
[Annotator "ChessBase"]
[PlyCount "50"]
[EventDate "2021.10.11"]
[EventType "blitz"]
[EventCountry "RUS"]
[SourceTitle "playchess.com"]
[Source "ChessBase"]
[SourceQuality "1"]
[TimeControl "180+2"]

1. e4 {[%emt 0:00:00]} e5 {[%emt 0:00:00]} 2. Nf3 {[%emt 0:00:00]} Nc6 {
[%emt 0:00:00]} 3. d4 {[%emt 0:00:00]} exd4 {[%emt 0:00:00]} 4. Nxd4 {[%emt 0:
00:00]} Nf6 {[%emt 0:00:00]} 5. Nxc6 {[%emt 0:00:00]} bxc6 {[%emt 0:00:00]} 6.
e5 {[%emt 0:00:00]} Qe7 {[%emt 0:00:00]} 7. Qe2 {[%emt 0:00:00]} Nd5 {[%emt 0:
00:00]} 8. h4 {[%emt 0:00:00]} a5 {[%emt 0:00:00]} 9. c4 {[%emt 0:00:00]} Nb6 {
[%emt 0:00:00]} 10. h5 {[%emt 0:00:23]} h6 {[%emt 0:00:32]} 11. Nd2 {[%emt 0:
00:03]} a4 {[%emt 0:00:15]} 12. g3 {[%emt 0:00:05]} Ba6 {[%emt 0:00:16]} 13. b3
{[%emt 0:00:12]} Qb4 {[%emt 0:00:36]} 14. Bg2 {[%emt 0:00:27]} Qc3 {[%emt 0:00:
41]} 15. Rb1 {[%emt 0:00:00]} Qc2 {[%emt 0:00:37]} 16. O-O {[%emt 0:00:00]}
Qxa2 {[%emt 0:00:00]} 17. e6 {[%emt 0:01:02]} fxe6 {[%emt 0:00:00]} 18. Bxc6 {
[%emt 0:00:00]} O-O-O {[%emt 0:00:00]} 19. Bg2 {[%emt 0:00:12]} axb3 {[%emt 0:
00:00]} 20. Bb2 {[%emt 0:00:11]} Ba3 {[%emt 0:00:13]} 21. Bxg7 {[%emt 0:00:17]}
Bxc4 {[%emt 0:00:00]} 22. Qf3 {[%emt 0:00:08]} Bd5 {[%emt 0:00:26]} 23. Qc3 {
[%emt 0:00:00]} b2 {[%emt 0:00:00]} 24. Bxh8 {[%emt 0:00:00]} Bxg2 {[%emt 0:00:
00]} 25. Kxg2 {[%emt 0:00:00]} Nd5 {[%emt 0:00:00]} 0-1

[Event "RUS-ch Blitz 2021"]
[Site "Sochi"]
[Date "2021.10.11"]
[Round "9.21"]
[White "Babanin, Gleb"]
[Black "Afanasiev, Nikita"]
[Result "0-1"]
[WhiteElo "2094"]
[BlackElo "2560"]
[Annotator "ChessBase"]
[PlyCount "58"]
[EventDate "2021.10.11"]
[EventType "blitz"]
[EventCountry "RUS"]
[SourceTitle "playchess.com"]
[Source "ChessBase"]
[SourceQuality "1"]
[TimeControl "180+2"]

1. e4 {[%emt 0:00:00]} g6 {[%emt 0:00:00]} 2. d4 {[%emt 0:00:00]} Bg7 {[%emt 0:
00:07]} 3. c4 {[%emt 0:00:04]} e6 {[%emt 0:00:00]} 4. Nc3 {[%emt 0:00:00]} Ne7
{[%emt 0:00:00]} 5. Be3 {[%emt 0:00:12]} d5 {[%emt 0:00:00]} 6. Qd2 {[%emt 0:
00:20]} dxe4 {[%emt 0:00:06]} 7. Nxe4 {[%emt 0:00:06]} Nf5 {[%emt 0:00:00]} 8.
Nf3 {[%emt 0:00:16]} Nxe3 {[%emt 0:00:12]} 9. fxe3 {[%emt 0:00:10]} O-O {
[%emt 0:00:07]} 10. Bd3 {[%emt 0:00:09]} f5 {[%emt 0:00:09]} 11. Nc3 {[%emt 0:
00:04]} c5 {[%emt 0:00:12]} 12. d5 {[%emt 0:00:27]} exd5 {[%emt 0:00:06]} 13.
cxd5 {[%emt 0:00:04]} Nd7 {[%emt 0:00:08]} 14. e4 {[%emt 0:00:18]} fxe4 {
[%emt 0:00:37]} 15. Nxe4 {[%emt 0:00:04]} Ne5 {[%emt 0:00:01]} 16. Be2 {
[%emt 0:00:34]} Nxf3+ {[%emt 0:00:15]} 17. Bxf3 {[%emt 0:00:00]} Qh4+ {[%emt 0:
00:10]} 18. Ng3 {[%emt 0:00:06]} Re8+ {[%emt 0:00:13]} 19. Kd1 {[%emt 0:00:16]}
Bg4 {[%emt 0:00:11]} 20. Ne2 {[%emt 0:00:21]} Bxf3 {[%emt 0:00:05]} 21. gxf3 {
[%emt 0:00:00]} Qf2 {[%emt 0:00:04]} 22. Ng3 {[%emt 0:00:07]} Qxf3+ {[%emt 0:
00:06]} 23. Kc2 {[%emt 0:00:00]} Rad8 {[%emt 0:00:09]} 24. Rad1 {[%emt 0:00:04]
} Bd4 {[%emt 0:00:07]} 25. Kb1 {[%emt 0:00:06]} Qxd5 {[%emt 0:00:04]} 26. h4 {
[%emt 0:00:00]} Qf3 {[%emt 0:00:03]} 27. Qh2 {[%emt 0:00:06]} Be5 {[%emt 0:00:
08]} 28. Rxd8 {[%emt 0:00:02]} Rxd8 {[%emt 0:00:02]} 29. Qe2 {[%emt 0:00:00]}
Qxg3 {[%emt 0:00:00]} 0-1

[Event "RUS-ch Blitz 2021"]
[Site "Sochi"]
[Date "2021.10.11"]
[Round "9.22"]
[White "Dreev, Aleksey"]
[Black "Faizrakhmanov, Ramil"]
[Result "0-1"]
[WhiteElo "2635"]
[BlackElo "2483"]
[Annotator "ChessBase"]
[PlyCount "102"]
[EventDate "2021.10.11"]
[EventType "blitz"]
[EventCountry "RUS"]
[SourceTitle "playchess.com"]
[Source "ChessBase"]
[SourceQuality "1"]
[TimeControl "180+2"]

1. d4 {[%emt 0:00:00]} Nf6 {[%emt 0:00:00]} 2. c4 {[%emt 0:00:00]} e6 {[%emt 0:
00:07]} 3. Nc3 {[%emt 0:00:03]} Bb4 {[%emt 0:00:01]} 4. Qc2 {[%emt 0:00:00]} c5
{[%emt 0:00:00]} 5. dxc5 {[%emt 0:00:00]} Qc7 {[%emt 0:00:07]} 6. Nf3 {[%emt 0:
00:02]} a6 {[%emt 0:00:00]} 7. e3 {[%emt 0:00:18]} Bxc5 {[%emt 0:00:03]} 8. b3
{[%emt 0:00:00]} Be7 {[%emt 0:00:03]} 9. Bb2 {[%emt 0:00:00]} d6 {[%emt 0:00:
00]} 10. g4 {[%emt 0:00:10]} h6 {[%emt 0:00:12]} 11. Rg1 {[%emt 0:00:00]} b6 {
[%emt 0:00:15]} 12. h4 {[%emt 0:00:16]} Bb7 {[%emt 0:00:00]} 13. Be2 {[%emt 0:
00:00]} Nc6 {[%emt 0:00:26]} 14. g5 {[%emt 0:00:05]} hxg5 {[%emt 0:00:03]} 15.
hxg5 {[%emt 0:00:00]} Nd7 {[%emt 0:00:03]} 16. g6 {[%emt 0:00:05]} f6 {[%emt 0:
00:07]} 17. Nd5 {[%emt 0:00:36]} Qd8 {[%emt 0:00:15]} 18. Nxe7 {[%emt 0:00:42]}
Qxe7 {[%emt 0:00:00]} 19. O-O-O {[%emt 0:00:11]} Nc5 {[%emt 0:00:06]} 20. Nd4 {
[%emt 0:00:11]} O-O-O {[%emt 0:00:09]} 21. Ba3 {[%emt 0:00:33]} Nxd4 {[%emt 0:
00:13]} 22. exd4 {[%emt 0:00:00]} Be4 {[%emt 0:00:01]} 23. Qd2 {[%emt 0:00:07]}
Nb7 {[%emt 0:00:03]} 24. Qe3 {[%emt 0:00:06]} Bf5 {[%emt 0:00:08]} 25. d5 {
[%emt 0:00:02]} Nc5 {[%emt 0:00:06]} 26. dxe6 {[%emt 0:00:03]} Qxe6 {[%emt 0:
00:06]} 27. Qxe6+ {[%emt 0:00:00]} Bxe6 {[%emt 0:00:01]} 28. Rh1 {[%emt 0:00:
01]} Ne4 {[%emt 0:00:08]} 29. Bf3 {[%emt 0:00:15]} Rxh1 {[%emt 0:00:16]} 30.
Rxh1 {[%emt 0:00:01]} Nxf2 {[%emt 0:00:00]} 31. Rh7 {[%emt 0:00:06]} Nd3+ {
[%emt 0:00:00]} 32. Kd2 {[%emt 0:00:02]} Ne5 {[%emt 0:00:00]} 33. Be4 {[%emt 0:
00:00]} d5 {[%emt 0:00:06]} 34. Bc2 {[%emt 0:00:06]} dxc4+ {[%emt 0:00:00]} 35.
Kc3 {[%emt 0:00:00]} cxb3 {[%emt 0:00:04]} 36. axb3 {[%emt 0:00:00]} Rd7 {
[%emt 0:00:04]} 37. Bf8 {[%emt 0:00:00]} f5 {[%emt 0:00:12]} 38. Rh8 {[%emt 0:
00:00]} Nxg6 {[%emt 0:00:00]} 39. Bxg7+ {[%emt 0:00:00]} Nxh8 {[%emt 0:00:00]}
40. Bxh8 {[%emt 0:00:19]} f4 {[%emt 0:00:04]} 41. Be4 {[%emt 0:00:00]} Rh7 {
[%emt 0:00:00]} 42. Be5 {[%emt 0:00:04]} Rh3+ {[%emt 0:00:08]} 43. Kd4 {
[%emt 0:00:00]} Rxb3 {[%emt 0:00:13]} 44. Bxf4 {[%emt 0:00:00]} Rb4+ {[%emt 0:
00:00]} 45. Ke5 {[%emt 0:00:00]} Bd7 {[%emt 0:00:00]} 46. Be3 {[%emt 0:00:03]}
a5 {[%emt 0:00:04]} 47. Bd5 {[%emt 0:00:00]} a4 {[%emt 0:00:09]} 48. Kd6 {
[%emt 0:00:01]} a3 {[%emt 0:00:00]} 49. Bd2 {[%emt 0:00:10]} Rd4 {[%emt 0:00:
00]} 50. Bc3 {[%emt 0:00:00]} Rd3 {[%emt 0:00:05]} 51. Be5 {[%emt 0:00:00]} a2
{[%emt 0:00:10]} 0-1

[Event "RUS-ch Blitz 2021"]
[Site "Sochi"]
[Date "2021.10.11"]
[Round "9.23"]
[White "Lysyj, Igor"]
[Black "Musalov, Ruslan"]
[Result "1-0"]
[WhiteElo "2603"]
[BlackElo "2342"]
[Annotator "ChessBase"]
[PlyCount "85"]
[EventDate "2021.10.11"]
[EventType "blitz"]
[EventCountry "RUS"]
[SourceTitle "playchess.com"]
[Source "ChessBase"]
[SourceQuality "1"]
[TimeControl "180+2"]

1. d4 {[%emt 0:00:00]} d6 {[%emt 0:00:00]} 2. Nf3 {[%emt 0:00:09]} Bg4 {
[%emt 0:00:01]} 3. e3 {[%emt 0:00:00]} Nf6 {[%emt 0:00:13]} 4. c4 {[%emt 0:00:
00]} Nc6 {[%emt 0:00:07]} 5. Nc3 {[%emt 0:00:00]} g6 {[%emt 0:00:21]} 6. Be2 {
[%emt 0:00:02]} Bg7 {[%emt 0:00:03]} 7. h3 {[%emt 0:00:01]} Bf5 {[%emt 0:00:07]
} 8. d5 {[%emt 0:00:08]} Nb8 {[%emt 0:00:15]} 9. Nd4 {[%emt 0:00:01]} Bc8 {
[%emt 0:00:07]} 10. e4 {[%emt 0:00:02]} c5 {[%emt 0:00:00]} 11. Nf3 {[%emt 0:
00:01]} a6 {[%emt 0:00:06]} 12. O-O {[%emt 0:00:04]} O-O {[%emt 0:00:05]} 13.
a4 {[%emt 0:00:00]} e5 {[%emt 0:00:12]} 14. Bg5 {[%emt 0:00:07]} h6 {[%emt 0:
00:07]} 15. Bd2 {[%emt 0:00:00]} Nh5 {[%emt 0:00:03]} 16. Re1 {[%emt 0:00:07]}
b6 {[%emt 0:00:17]} 17. Bf1 {[%emt 0:00:09]} Ra7 {[%emt 0:00:13]} 18. g3 {
[%emt 0:00:24]} Re7 {[%emt 0:00:10]} 19. Nh4 {[%emt 0:00:06]} Kh7 {[%emt 0:00:
10]} 20. Kh2 {[%emt 0:00:11]} Ree8 {[%emt 0:00:07]} 21. Ng2 {[%emt 0:00:37]} f5
{[%emt 0:00:05]} 22. exf5 {[%emt 0:00:05]} Rxf5 {[%emt 0:00:00]} 23. Ne4 {
[%emt 0:00:07]} Nf6 {[%emt 0:00:34]} 24. Nxf6+ {[%emt 0:00:49]} Qxf6 {[%emt 0:
00:00]} 25. Be3 {[%emt 0:00:00]} Rxf2 {[%emt 0:00:10]} 26. Bxf2 {[%emt 0:00:00]
} Qxf2 {[%emt 0:00:00]} 27. Qe2 {[%emt 0:00:11]} Qf6 {[%emt 0:00:10]} 28. Qc2 {
[%emt 0:00:07]} e4 {[%emt 0:00:07]} 29. Rxe4 {[%emt 0:00:07]} Bf5 {[%emt 0:00:
03]} 30. Bd3 {[%emt 0:00:03]} Bxe4 {[%emt 0:00:07]} 31. Bxe4 {[%emt 0:00:00]}
Re5 {[%emt 0:00:00]} 32. Nf4 {[%emt 0:00:11]} Rg5 {[%emt 0:00:00]} 33. h4 {
[%emt 0:00:00]} Rg4 {[%emt 0:00:00]} 34. Bxg6+ {[%emt 0:00:03]} Kh8 {[%emt 0:
00:03]} 35. Rf1 {[%emt 0:00:02]} Rxh4+ {[%emt 0:00:05]} 36. gxh4 {[%emt 0:00:
03]} Qxh4+ {[%emt 0:00:00]} 37. Kg2 {[%emt 0:00:00]} Qg4+ {[%emt 0:00:05]} 38.
Kh1 {[%emt 0:00:01]} Be5 {[%emt 0:00:01]} 39. Qg2 {[%emt 0:00:04]} Qh4+ {
[%emt 0:00:00]} 40. Qh3 {[%emt 0:00:00]} Qg5 {[%emt 0:00:03]} 41. Qc8+ {
[%emt 0:00:02]} Kg7 {[%emt 0:00:03]} 42. Qc7+ {[%emt 0:00:00]} Kg8 {[%emt 0:00:
03]} 43. Qf7+ {[%emt 0:00:01]} 1-0

[Event "RUS-ch Blitz 2021"]
[Site "Sochi"]
[Date "2021.10.11"]
[Round "9.24"]
[White "Dashko, Andrey"]
[Black "Tsydypov, Zhamsaran"]
[Result "0-1"]
[WhiteElo "2219"]
[BlackElo "2526"]
[Annotator "ChessBase"]
[PlyCount "59"]
[EventDate "2021.10.11"]
[EventType "blitz"]
[EventCountry "RUS"]
[SourceTitle "playchess.com"]
[Source "ChessBase"]
[SourceQuality "1"]
[TimeControl "180+2"]

1. e4 {[%emt 0:00:00]} c5 {[%emt 0:00:00]} 2. Nf3 {[%emt 0:00:09]} d6 {[%emt 0:
00:02]} 3. d4 {[%emt 0:00:00]} cxd4 {[%emt 0:00:00]} 4. Nxd4 {[%emt 0:00:00]}
Nf6 {[%emt 0:00:00]} 5. Nc3 {[%emt 0:00:00]} a6 {[%emt 0:00:00]} 6. Bc4 {
[%emt 0:00:09]} e6 {[%emt 0:00:02]} 7. Bb3 {[%emt 0:00:00]} Nbd7 {[%emt 0:00:
10]} 8. f3 {[%emt 0:00:00]} Nc5 {[%emt 0:00:00]} 9. Be3 {[%emt 0:00:00]} Be7 {
[%emt 0:00:00]} 10. Qd2 {[%emt 0:00:02]} Qc7 {[%emt 0:00:00]} 11. O-O-O {
[%emt 0:00:11]} b5 {[%emt 0:00:00]} 12. Kb1 {[%emt 0:00:04]} b4 {[%emt 0:00:07]
} 13. Nce2 {[%emt 0:00:17]} O-O {[%emt 0:00:00]} 14. c4 {[%emt 0:00:37]} e5 {
[%emt 0:00:36]} 15. Nf5 {[%emt 0:00:26]} Bxf5 {[%emt 0:00:00]} 16. exf5 {
[%emt 0:00:00]} a5 {[%emt 0:00:04]} 17. Bc2 {[%emt 0:00:18]} a4 {[%emt 0:00:00]
} 18. Qxb4 {[%emt 0:00:08]} Rfb8 {[%emt 0:00:09]} 19. Qc3 {[%emt 0:00:03]} a3 {
[%emt 0:00:07]} 20. b3 {[%emt 0:00:00]} Na4 {[%emt 0:00:00]} 21. Qd2 {[%emt 0:
00:21]} Nb2 {[%emt 0:00:07]} 22. Bd3 {[%emt 0:00:05]} d5 {[%emt 0:00:55]} 23.
cxd5 {[%emt 0:00:12]} Nxd1 {[%emt 0:00:00]} 24. Rxd1 {[%emt 0:00:00]} Nxd5 {
[%emt 0:00:05]} 25. Rc1 {[%emt 0:00:15]} Qd8 {[%emt 0:00:26]} 26. Bc4 {[%emt 0:
00:08]} Nxe3 {[%emt 0:00:00]} 27. Qxe3 {[%emt 0:00:01]} Bg5 {[%emt 0:00:05]}
28. f4 {[%emt 0:00:08]} exf4 {[%emt 0:00:00]} 29. Nxf4 {[%emt 0:00:17]} Qf6 {
[%emt 0:00:01]} 30. Rh1 {[%emt 0:00:09]} 0-1

[Event "RUS-ch Blitz 2021"]
[Site "Sochi"]
[Date "2021.10.11"]
[Round "11.1"]
[White "Artemiev, Vladislav"]
[Black "Petrov, Nikita"]
[Result "1-0"]
[WhiteElo "2699"]
[BlackElo "2539"]
[Annotator "TA"]
[PlyCount "61"]
[EventDate "2021.10.11"]
[EventType "blitz"]
[EventCountry "RUS"]
[SourceTitle "playchess.com"]
[Source "ChessBase"]
[SourceQuality "1"]

{[%evp 13,61,12,6,0,0,0,15,7,20,2,3,13,15,4,1,4,8,0,0,0,14,2,28,28,37,26,38,0,
0,-27,0,0,88,42,667,658,623,645,680,505,758,583,1318,1331,1315,1227,1289,1105,
1304,1210]} 1. Nf3 d5 2. g3 Bg4 3. Bg2 c6 4. c4 e6 5. cxd5 Bxf3 6. Bxf3 cxd5 7.
O-O Nc6 {7...Nc6 is better than 7...Nf6.} 8. d4 {[#] A11: English Opening: 1...
c6.} f5 $146 ({Predecessor:} 8... Nf6 9. e3 Be7 10. Nc3 O-O 11. b3 Qd7 12. Bb2
Rfc8 13. Qe2 Ne8 14. Rfd1 f5 15. Na4 b6 {1/2-1/2 (71) Svidler,P (2714)-Adams,M
(2716) Chess.com INT 2021}) 9. Nc3 Nf6 10. Bg5 {The position is equal.} Be7 11.
e3 Ne4 12. Bxe7 Qxe7 13. Bxe4 fxe4 14. f3 exf3 15. Qxf3 O-O-O 16. Kg2 Qg5 17.
Rac1 Kb8 18. Na4 Qe7 19. Nc5 e5 20. Qg4 Rhe8 21. Rf2 b6 22. Nd3 Rc8 (22... Rd6
$11 {remains equal.}) 23. Rfc2 {[#] And now Nxe5 would win.} Qe6 {[%mdl 8192]
This move loses the game for Black.} (23... Kb7 $14) 24. Qxe6 $18 {White is
clearly winning.} Rxe6 25. Nxe5 Kb7 26. Rxc6 Rexc6 (26... Rcxc6 $142 27. Rxc6 (
27. Nxc6 Rxc6 28. Rxc6 Kxc6 $18) 27... Rxe5) 27. Nxc6 Rxc6 28. Rxc6 Kxc6 29.
Kf3 Kd6 30. e4 dxe4+ 31. Kxe4 {Weighted Error Value: White=0.24/Black=0.63} 1-0

[Event "RUS-ch Blitz 2021"]
[Site "Sochi"]
[Date "2021.10.11"]
[Round "11.2"]
[White "Kukhmazov, Arsen"]
[Black "Timofeev, Artyom"]
[Result "1-0"]
[WhiteElo "2472"]
[BlackElo "2586"]
[Annotator "ChessBase"]
[PlyCount "167"]
[EventDate "2021.10.11"]
[EventType "blitz"]
[EventCountry "RUS"]
[SourceTitle "playchess.com"]
[Source "ChessBase"]
[SourceQuality "1"]
[TimeControl "180+2"]

1. d4 {[%emt 0:00:00]} Nf6 {[%emt 0:00:04]} 2. c4 {[%emt 0:00:02]} b6 {[%emt 0:
00:00]} 3. f3 {[%emt 0:00:00]} d5 {[%emt 0:00:00]} 4. cxd5 {[%emt 0:00:06]}
Nxd5 {[%emt 0:00:01]} 5. e4 {[%emt 0:00:09]} Nf6 {[%emt 0:00:01]} 6. Nc3 {
[%emt 0:00:00]} e6 {[%emt 0:00:00]} 7. Be3 {[%emt 0:00:06]} Be7 {[%emt 0:00:00]
} 8. Bc4 {[%emt 0:00:31]} O-O {[%emt 0:00:01]} 9. Nge2 {[%emt 0:00:02]} Ba6 {
[%emt 0:00:04]} 10. Bxa6 {[%emt 0:00:00]} Nxa6 {[%emt 0:00:04]} 11. O-O {
[%emt 0:00:08]} c6 {[%emt 0:00:00]} 12. Qa4 {[%emt 0:00:11]} Qc8 {[%emt 0:00:
00]} 13. Rac1 {[%emt 0:00:00]} Qb7 {[%emt 0:00:00]} 14. Rfd1 {[%emt 0:00:06]}
Rac8 {[%emt 0:00:00]} 15. a3 {[%emt 0:00:03]} Rfd8 {[%emt 0:00:06]} 16. b4 {
[%emt 0:00:39]} Nb8 {[%emt 0:00:00]} 17. Qb3 {[%emt 0:00:14]} Nbd7 {[%emt 0:00:
05]} 18. h3 {[%emt 0:00:00]} Nf8 {[%emt 0:00:05]} 19. Nf4 {[%emt 0:00:10]} Ng6
{[%emt 0:00:09]} 20. Nxg6 {[%emt 0:00:15]} hxg6 {[%emt 0:00:00]} 21. Ne2 {
[%emt 0:00:00]} Nh7 {[%emt 0:00:24]} 22. Rd3 {[%emt 0:00:19]} Qa6 {[%emt 0:00:
30]} 23. Rcd1 {[%emt 0:00:19]} Nf8 {[%emt 0:00:10]} 24. Nc3 {[%emt 0:00:04]}
Bf6 {[%emt 0:00:08]} 25. Ne2 {[%emt 0:00:03]} g5 {[%emt 0:00:18]} 26. Ng3 {
[%emt 0:00:07]} Ng6 {[%emt 0:00:02]} 27. Nh5 {[%emt 0:00:08]} Be7 {[%emt 0:00:
00]} 28. Qc3 {[%emt 0:00:03]} Bf6 {[%emt 0:00:21]} 29. Qd2 {[%emt 0:00:00]} Qb7
{[%emt 0:00:23]} 30. Bxg5 {[%emt 0:00:01]} Bxg5 {[%emt 0:00:03]} 31. Qxg5 {
[%emt 0:00:04]} Qe7 {[%emt 0:00:00]} 32. Qxe7 {[%emt 0:00:09]} Nxe7 {[%emt 0:
00:00]} 33. Kf2 {[%emt 0:00:00]} Rd7 {[%emt 0:00:03]} 34. Nf4 {[%emt 0:00:04]}
Rcd8 {[%emt 0:00:06]} 35. Ke3 {[%emt 0:00:00]} g6 {[%emt 0:00:05]} 36. h4 {
[%emt 0:00:06]} Kg7 {[%emt 0:00:00]} 37. g4 {[%emt 0:00:00]} Rh8 {[%emt 0:00:
00]} 38. h5 {[%emt 0:00:01]} g5 {[%emt 0:00:01]} 39. Ne2 {[%emt 0:00:00]} Rhd8
{[%emt 0:00:07]} 40. Nc3 {[%emt 0:00:00]} Kf6 {[%emt 0:00:01]} 41. b5 {[%emt 0:
00:06]} cxb5 {[%emt 0:00:02]} 42. Nxb5 {[%emt 0:00:02]} a6 {[%emt 0:00:03]} 43.
Nc3 {[%emt 0:00:01]} b5 {[%emt 0:00:00]} 44. d5 {[%emt 0:00:00]} e5 {[%emt 0:
00:09]} 45. Ne2 {[%emt 0:00:00]} Nc8 {[%emt 0:00:04]} 46. Ng3 {[%emt 0:00:03]}
Nd6 {[%emt 0:00:00]} 47. Rc3 {[%emt 0:00:03]} Nc4+ {[%emt 0:00:00]} 48. Ke2 {
[%emt 0:00:06]} Rb8 {[%emt 0:00:10]} 49. Rdc1 {[%emt 0:00:00]} Rdb7 {[%emt 0:
00:06]} 50. Nf5 {[%emt 0:00:00]} Rb6 {[%emt 0:00:00]} 51. Ne3 {[%emt 0:00:03]}
Nxe3 {[%emt 0:00:01]} 52. Kxe3 {[%emt 0:00:01]} a5 {[%emt 0:00:03]} 53. Rc6+ {
[%emt 0:00:01]} Kg7 {[%emt 0:00:05]} 54. Rxb6 {[%emt 0:00:00]} Rxb6 {[%emt 0:
00:00]} 55. Rc6 {[%emt 0:00:03]} Rb8 {[%emt 0:00:01]} 56. Kd3 {[%emt 0:00:00]}
b4 {[%emt 0:00:01]} 57. axb4 {[%emt 0:00:05]} Rxb4 {[%emt 0:00:00]} 58. Rc3 {
[%emt 0:00:02]} a4 {[%emt 0:00:00]} 59. Ra3 {[%emt 0:00:02]} Kf6 {[%emt 0:00:
06]} 60. Kc3 {[%emt 0:00:00]} Rd4 {[%emt 0:00:00]} 61. Ra1 {[%emt 0:00:01]} Kg7
{[%emt 0:00:00]} 62. Rh1 {[%emt 0:00:05]} Kh7 {[%emt 0:00:08]} 63. Rb1 {
[%emt 0:00:03]} a3 {[%emt 0:00:07]} 64. Ra1 {[%emt 0:00:01]} Ra4 {[%emt 0:00:
02]} 65. Kb3 {[%emt 0:00:00]} Rd4 {[%emt 0:00:00]} 66. Rxa3 {[%emt 0:00:02]}
Kg7 {[%emt 0:00:02]} 67. Kc3 {[%emt 0:00:00]} Rd1 {[%emt 0:00:01]} 68. Kc4 {
[%emt 0:00:01]} Kf6 {[%emt 0:00:05]} 69. Rc3 {[%emt 0:00:00]} Ke7 {[%emt 0:00:
00]} 70. Kc5 {[%emt 0:00:00]} Kd7 {[%emt 0:00:00]} 71. Ra3 {[%emt 0:00:05]}
Rc1+ {[%emt 0:00:00]} 72. Kb4 {[%emt 0:00:00]} Rf1 {[%emt 0:00:03]} 73. Ra7+ {
[%emt 0:00:08]} Ke8 {[%emt 0:00:02]} 74. h6 {[%emt 0:00:07]} Rh1 {[%emt 0:00:
02]} 75. Ra6 {[%emt 0:00:02]} Ke7 {[%emt 0:00:03]} 76. Kc5 {[%emt 0:00:05]}
Rc1+ {[%emt 0:00:00]} 77. Kb6 {[%emt 0:00:00]} Kd6 {[%emt 0:00:06]} 78. Kb7+ {
[%emt 0:00:01]} Ke7 {[%emt 0:00:03]} 79. Rc6 {[%emt 0:00:01]} Rh1 {[%emt 0:00:
02]} 80. Kc7 {[%emt 0:00:01]} Ra1 {[%emt 0:00:00]} 81. d6+ {[%emt 0:00:02]} Kf8
{[%emt 0:00:02]} 82. d7 {[%emt 0:00:01]} Ra7+ {[%emt 0:00:00]} 83. Kd6 {
[%emt 0:00:01]} Ra8 {[%emt 0:00:00]} 84. Rc8+ {[%emt 0:00:01]} 1-0